Top 100 Kansas City Chiefs of All Time - Statistics

General Stats
  • This quiz has been taken 194 times
  • The average score is 27 of 100
Answer Stats
Position Player % Correct
QB Patrick Mahomes
98%
TE Travis Kelce
92%
TE Tony Gonzalez
88%
QB Len Dawson
86%
LB Derrick Thomas
82%
WR Tyreek Hill
81%
OT Dave Hill
78%
RB Mack Lee Hill
78%
QB Alex Smith
74%
CB Emmitt Thomas
74%
DE Neil Smith
68%
RB Jamaal Charles
64%
RB Priest Holmes
61%
S Eric Berry
59%
K Harrison Butker
57%
QB Joe Montana
57%
RG Will Shields
57%
RB Christian Okoye
55%
LB Derrick Johnson
54%
RB Larry Johnson
53%
QB Trent Green
52%
LB Bobby Bell
48%
WR/ST Dante Hall
48%
CB Gary Green
48%
DE Mike Bell
47%
WR Dwayne Bowe
41%
LB Justin Houston
38%
DE Jared Allen
37%
RB Marcus Allen
37%
LB Tamba Hali
37%
WR Otis Taylor
36%
DT Buck Buchanan
35%
LB Willie Lanier
34%
K Jan Stenerud
28%
P Dustin Colquitt
27%
OT Willie Roaf
27%
S Johnny Robinson
24%
S Deron Cherry
23%
OT Mitchell Schwartz
23%
DB Bobby Hunt
21%
DT Dontari Poe
21%
FB/RB Kimble Anders
20%
DT Curley Culp
19%
TE Walter White
18%
CB Albert Lewis
17%
P Jerrel Wilson
16%
OT John Alt
15%
FB Tony Richardson
15%
OG Brad Budde
14%
OG Ed Budde
14%
RB Joe Delaney
14%
RB Mike Garrett
14%
QB Mike Livingston
14%
QB Bill Kenney
13%
OG Brian Waters
13%
QB Steve DeBerg
13%
RB Abner Haynes
12%
CB Brandon Flowers
12%
WR Carlos Carson
12%
K Nick Lowery
12%
WR Stephone Paige
12%
RB Ed Podolak
11%
CB Dale Carter
10%
S Jerome Woods
10%
DE Jerry Mays
10%
CB Kevin Ross
10%
WR Eddie Kennison
9%
TE Fred Arbanas
9%
C Tim Grunhard
9%
WR Andre Rison
8%
LB Donnie Edwards
8%
C Jack Rudnay
8%
LB Jim Lynch
8%
C Casey Wiegmann
7%
DT Dan Saleaumua
7%
C/LB E.J. Holub
7%
DB Gary Barbaro
7%
DE Art Still
6%
DT Bill Maas
6%
LG Dave Szott
6%
CB James Hasty
6%
RB/FB Curtis McClinton
5%
DE Eric Hicks
5%
S Greg Wesley
5%
WR Henry Marshall
5%
S Jim Kearney
5%
WR/ST Tamarick Vanover
5%
WR Chris Burford
4%
LB Dino Hackett
4%
LB Gary Spani
4%
DT Joe Phillips
4%
S Lloyd Burruss
4%
OT Dave Lutz
3%
LB Jerry Blanton
3%
WR J.J. Birden
3%
OT Matt Herkenhoff
3%
LB Sherrill Headrick
3%
OG Tom Condon
3%
LB Tracy Simien
3%
DT Mel Branch
2%
No matching quizzes found
Score Distribution
Percent of People with Each Score
Percentile by Number Answered
Your Score History
You have not taken this quiz